LEADER 01243nam a2200277 i 4500 001 000000241743 003 CaOOAMICUS 005 20241127145607.0 008 150514s1817 fr u000 u fre u 013 $a220648 026 $ae;n, arm- dea- miad (7) 1817 (R) 040 $aSeMil$bita 100 1 $aCarron, Guy Toussaint Julien,$d<1760-1821>.$0(OLS)http://semarc/name/14701 245 12$aL'art de rendre heureux tout ce qui nous entoure, ou Petit traité sur le caractère; par l'abbé Carron. 250 $aSeconde édition. 264 1$aParis :$bH. Nicolle ;$aLille :$bVanackere,$c1817. 300 $a322 p., [1] c. di tav. :$bill. ;$c15 cm. 650 4$aVita cristiana - Meditazioni.$0(OLS)http://semarc/subject/1353 850 $aSeMil 852 $aSeMil$W1$xVenegono$y1$m3F I 221 FA$j192089$B192089$CSeMilBibl$Z2$F202892 $8I 941 1 $a10 961 $aRecupero: Mantegazza 996 $6245$aL'art de rendre heureux tout ce qui nous entoure, ou Petit traité sur le caractère; par l'abbé Carron$9(OLS)http://semarc/title/343516 996 $6264$aParis :$bH. Nicolle$9(OLS)http://semarc/publisher/54626 996 $6264$aLille :$bVanackere$9(OLS)http://semarc/publisher/54627 LEADER 01029nam a2200205 i 4500 001 000000030812 003 CaOOAMICUS 005 20180830125449.0 008 180830s1856 it u000 u ita u 040 $aSeMil$bita 100 1 $aDe Potter, Louis Joseph Antoine,$d<1786-1859>.$0(OLS)http://semarc/name/14219 245 10$aCompendio della storia del cristianesimo da Gesù Cristo fino ai nostri giorni /$cdi De Potter ; tradotto da Ausonio Franchi. 260 $aTorino :$bTipografia V. Steffenone, Camandona e C.,$c1856-1858. 300 $a2 v. ;$c20 cm. 650 4$aCristianesimo - Storia.$0(OLS)http://semarc/subject/130 700 1 $aBonavino, Cristoforo,$c.$0(OLS)http://semarc/name/3860 774 0 $tTomo 1.$g1$w()234949 774 0 $tTomo 2.$g1$w()234950 996 $6245$aCompendio della storia del cristianesimo da Gesù Cristo fino ai nostri giorni$9(OLS)http://semarc/title/41932 996 $6260$aTorino :$bTipografia V. Steffenone, Camandona e C.$9(OLS)http://semarc/publisher/38673